000 01038nam a2200265 a 4500
001 ebr10415180
003 CaPaEBR
006 m u
007 cr cn|||||||||
008 101006s2008 ii ab sb 000 0 eng d
020 _z9788189920814 (HB)
040 _aCaPaEBR
_cCaPaEBR
035 _a(OCoLC)650259221
050 1 4 _aHV551.2
_b.J35 2008eb
100 1 _aJain, A. K.
245 1 2 _aA practical guide to disaster management
_h[electronic resource] /
_cA.K. Jain.
260 _aNew Delhi [India] :
_bPragun Publication,
_c2008.
300 _ax, 488 p. :
_bill., maps.
504 _aIncludes bibliographical references.
533 _aElectronic reproduction.
_bPalo Alto, Calif. :
_cebrary,
_d2010.
_nAvailable via World Wide Web.
_nAccess may be limited to ebrary affiliated libraries.
650 0 _aEmergency management.
655 7 _aElectronic books.
_2local
710 2 _aebrary, Inc.
856 4 0 _uhttp://site.ebrary.com/lib/rucke/Doc?id=10415180
_zAn electronic book accessible through the World Wide Web; click to view
999 _c86037
_d86037